Normal view
MARC view
- الترجمة-منهجية الترجمة الادبية-النص الروائي
Entry Topical Term
001 - CONTROL NUMBER
- control field: 22417
003 - CONTROL NUMBER IDENTIFIER
- control field: JO-AjAnu
005 - DATE AND TIME OF LATEST TRANSACTION
- control field: 20230606073853.0
008 - FIXED-LENGTH DATA ELEMENTS
- fixed length control field: 230606|| aca||aabn | a|a d
040 ## - CATALOGING SOURCE
- Original cataloging agency: JO-AjAnu
- Transcribing agency: JO-AjAnu
150 ## - HEADING--TOPICAL TERM
- Topical term or geographic name entry element: الترجمة-منهجية الترجمة الادبية-النص الروائي
670 ## - SOURCE DATA FOUND
- Source citation: Work cat.: (JO-AjAnu)11520: محمد جابر,جمال تأليف, author 22416, منهجية الترجنة الأدبية بين النظرية والتطبيق: النص الروائي ,نموذجا